000 00694nam a22002297a 4500
003 UA-OsUOA
001 100301
007 ta
008 20130527b un ||||| |||| 00| 0 ukr d
100 _aТолстой Л.
090 _a821.161.1
_bТ530
942 _cBK
040 _aUA-OsUOA
_bukr
_cUA-OsUOA
_dUA-OsUOA
245 _aТвори в дванадцяти томах
_bТ. 1
_cДитинство. Отроцтво. Юність
300 _a465 с.
955 _a3
041 _aukr
080 _a821.161.1
260 _aК.
_bХудожественная литература
_c1958
650 7 _a82 Література. Літературознавство
_2UDC
999 _c386540
_d386540